00470 2200181 4500245005600000020002200056250001100078100001800089700001600107700002000123650001700143005001900160260004100179041001400220084001300234300003200247336000900279 aDemonic Detective Neuro Vol. 5cMatsui, YuseihText a978-602-02-4051-0 aCet. 1 aMatsui, Yusei aNia Ikasary aJuan Hardrianus aKomik Jepang a20230414111012 aJakartabElex Media Komputindoc2014 aIndonesia a741.5592 a... jil. :bilus. ;c17 cm. atext